000 00227nam a22000857a 4500
008 160702b xxu||||| |||| 00| 0 eng d
100 _91873
_aWASON V
245 _aTextbook of Business Studies- XII
260 _aNew Delhi
_bS Chand
_c2013
999 _c1576
_d1576